[Event "Prague Mencik Memorial 6th"]
[Site "Prague"]
[Date "2023.09.24"]
[Round "9"]
[White "Jedlicka, Ales"]
[Black "Artamonov, Mikhail"]
[Result "1-0"]
[WhiteElo "2176"]
[BlackElo "1486"]
[PlyCount "45"]
[EventDate "2023.09.24"]
[EventType "swiss"]
[EventRounds "9"]
[EventCountry "CZE"]
[SourceTitle "EXT 2024"]
[Source "ChessBase"]
[SourceDate "2023.10.10"]
[SourceVersion "1"]
[SourceVersionDate "2023.10.10"]
[SourceQuality "1"]

1. d4 Nf6 2. c4 d6 3. Nf3 g6 4. g3 Bg7 5. Bg2 0-0 6. 0-0 Nbd7 7. Nc3 e5 8. e4 Re8 9. h3 exd4 10. Nxd4 Nc5 11. Re1 Be6 12. Nxe6 Rxe6 13. Qc2 h6 14. Be3 Ncd7 15. Rad1 Qe7 16. Nd5 Qd8 17. b4 c6 18. Nf4 Re7 19. Rd3 d5 20. Rxd5 Qe8 21. Rd6 Rd8 22. Red1 Nxe4 23. Bxa7 1-0

[Event "Pardubice rapid op 34th"]
[Site "Pardubice"]
[Date "2023.07.20"]
[Round "8"]
[White "Jires, Jiri"]
[Black "Jedlicka, Ales"]
[Result "1/2-1/2"]
[WhiteElo "2144"]
[BlackElo "2183"]
[PlyCount "89"]
[EventDate "2023.07.19"]
[EventType "swiss (rapid)"]
[EventRounds "9"]
[EventCountry "CZE"]
[SourceTitle "CBM 215 Extra"]
[Source "ChessBase"]
[SourceDate "2023.09.30"]
[SourceVersion "1"]
[SourceVersionDate "2023.09.30"]
[SourceQuality "1"]

1. e4 c5 2. Nf3 Nc6 3. d4 cxd4 4. Nxd4 e5 5. Nb5 d6 6. N1c3 a6 7. Na3 Be7 8. Nc4 b5 9. Ne3 Nf6 10. Ned5 Be6 11. a4 b4 12. Nxf6+ Bxf6 13. Nd5 0-0 14. Be3 Bg5 15. Bb6 Qd7 16. Be2 a5 17. Bb5 Qb7 18. Be3 Bd8 19. 0-0 Ne7 20. Nxe7+ Bxe7 21. f3 d5 22. exd5 Bxd5 23. Qe2 Rad8 24. Rad1 Qc7 25. Qf2 Qb7 26. Kh1 Bc6 27. Bxc6 Qxc6 28. b3 Rxd1 29. Rxd1 Rc8 30. h3 h5 31. Rd2 e4 32. fxe4 Qxe4 33. Bb6 Bh4 34. Qe2 Qf5 35. Qd1 g6 36. Re2 Bg3 37. Rd2 Kh7 38. Rd3 Bb8 39. Rf3 Qe6 40. Bg1 Kg8 41. Rd3 Bc7 42. Qd2 Re8 43. Re3 Qc8 44. Qe2 Rxe3 45. Qxe3 1/2-1/2

[Event "Pardubice rapid op 34th"]
[Site "Pardubice"]
[Date "2023.07.19"]
[Round "1"]
[White "Jedlicka, Ales"]
[Black "Kim, Changhoon"]
[Result "1/2-1/2"]
[WhiteElo "2183"]
[BlackElo "1802"]
[PlyCount "89"]
[EventDate "2023.07.19"]
[EventType "swiss (rapid)"]
[EventRounds "9"]
[EventCountry "CZE"]
[SourceTitle "CBM 215 Extra"]
[Source "ChessBase"]
[SourceDate "2023.09.30"]
[SourceVersion "1"]
[SourceVersionDate "2023.09.30"]
[SourceQuality "1"]

1. d4 Nf6 2. c4 c5 3. d5 b5 4. cxb5 a6 5. b6 g6 6. Nc3 d6 7. e4 Bg7 8. Nf3 0-0 9. Nd2 Nbd7 10. Be2 Nxb6 11. 0-0 e6 12. dxe6 fxe6 13. a4 d5 14. a5 Nbd7 15. exd5 exd5 16. Bf3 Ne5 17. Nb3 Nxf3+ 18. Qxf3 Ne4 19. Qe3 Nxc3 20. bxc3 d4 21. cxd4 cxd4 22. Qd3 Bf5 23. Qc4+ Kh8 24. Ba3 Re8 25. Rad1 Rc8 26. Nc5 Qxa5 27. Qb4 Qxb4 28. Bxb4 a5 29. Ba3 Bf8 30. Rc1 d3 31. g4 d2 32. gxf5 dxc1Q 33. Rxc1 gxf5 34. Kg2 Kg8 35. Kf3 Re5 36. Rg1+ Bg7 37. Nd7 Rc3+ 38. Kf4 Rc4+ 39. Kf3 Rc3+ 40. Kf4 Rc4+ 41. Kf3 Rc3+ 42. Kf4 Re2 43. Nf6+ Kf7 44. Nd7 Kg8 45. Bf8 1/2-1/2

[Event "Pardubice rapid op 34th"]
[Site "Pardubice"]
[Date "2023.07.19"]
[Round "3"]
[White "Jedlicka, Ales"]
[Black "Movsesian, Sergei"]
[Result "0-1"]
[WhiteElo "2183"]
[BlackElo "2617"]
[PlyCount "90"]
[EventDate "2023.07.19"]
[EventType "swiss (rapid)"]
[EventRounds "9"]
[EventCountry "CZE"]
[SourceTitle "CBM 215 Extra"]
[Source "ChessBase"]
[SourceDate "2023.09.30"]
[SourceVersion "1"]
[SourceVersionDate "2023.09.30"]
[SourceQuality "1"]

1. d4 Nf6 2. c4 d6 3. Nf3 Nbd7 4. Nc3 e5 5. e4 g6 6. Be2 Bg7 7. 0-0 0-0 8. Be3 c6 9. Qc2 Ng4 10. Bg5 f6 11. Bd2 Nh6 12. Rad1 Nf7 13. Be3 Qe7 14. b4 a5 15. b5 Nd8 16. Na4 f5 17. bxc6 Nxc6 18. c5 dxc5 19. dxe5 f4 20. Bxc5 Nxc5 21. Qxc5 Qxc5 22. Nxc5 Nxe5 23. Nxe5 Bxe5 24. Bc4+ Kh8 25. Nd7 Bxd7 26. Rxd7 Rac8 27. Bd5 b5 28. Rb7 Rc5 29. h4 Rfc8 30. Re7 Bd6 31. Re6 Bb8 32. Kh2 Rc2 33. Kh3 Rd2 34. h5 gxh5 35. Kh4 Ba7 36. Kxh5 Bxf2 37. Kg4 Be3 38. Rh1 Rxg2+ 39. Kf5 Rf8+ 40. Rf6 Rxf6+ 41. Kxf6 f3 42. e5 Rg6+ 43. Kf7 f2 44. e6 Rg7+ 45. Kf6 Rg1 0-1

[Event "Pardubice rapid op 34th"]
[Site "Pardubice"]
[Date "2023.07.19"]
[Round "2"]
[White "Nespurek, Jakub"]
[Black "Jedlicka, Ales"]
[Result "0-1"]
[WhiteElo "1749"]
[BlackElo "2183"]
[PlyCount "80"]
[EventDate "2023.07.19"]
[EventType "swiss (rapid)"]
[EventRounds "9"]
[EventCountry "CZE"]
[SourceTitle "CBM 215 Extra"]
[Source "ChessBase"]
[SourceDate "2023.09.30"]
[SourceVersion "1"]
[SourceVersionDate "2023.09.30"]
[SourceQuality "1"]

1. e4 c5 2. c3 Nf6 3. e5 Nd5 4. d4 cxd4 5. cxd4 e6 6. Nf3 d6 7. Bc4 Nc6 8. 0-0 Be7 9. Bxd5 exd5 10. exd6 Qxd6 11. Nc3 0-0 12. Re1 Bg4 13. Be3 Bf6 14. Ne2 Bxf3 15. gxf3 Rfe8 16. Rc1 Re7 17. Ng3 g6 18. Qd2 Rae8 19. Kg2 h5 20. Bf4 Qd7 21. Rxe7 Rxe7 22. Bg5 Qe6 23. Bxf6 Qxf6 24. Ne2 Rxe2 25. Rxc6 Rxd2 26. Rxf6 Rxb2 27. Rd6 Rxa2 28. Rxd5 b6 29. Rd8+ Kg7 30. d5 Kf6 31. Rd6+ Ke7 32. Rc6 b5 33. d6+ Kd7 34. Rc7+ Kxd6 35. Rxf7 b4 36. Rf6+ Kc5 37. Rxg6 b3 38. Rg8 Ra4 39. Rb8 Rb4 40. Rc8+ Kd6 0-1

[Event "Teplice op"]
[Site "Teplice"]
[Date "2023.06.11"]
[Round "2"]
[White "Jedlicka, Ales"]
[Black "Kaasen, Tor Fredrik"]
[Result "0-1"]
[WhiteElo "2213"]
[BlackElo "2484"]
[PlyCount "82"]
[EventDate "2023.06.10"]
[EventType "swiss"]
[EventRounds "9"]
[EventCountry "CZE"]
[SourceTitle "CBM 214 Extra"]
[Source "ChessBase"]
[SourceDate "2023.07.31"]
[SourceVersion "1"]
[SourceVersionDate "2023.07.31"]
[SourceQuality "1"]

1. d4 Nf6 2. c4 e6 3. Nf3 d5 4. Nc3 a6 5. c5 b6 6. cxb6 cxb6 7. Bf4 Bb7 8. e3 Bd6 9. Bxd6 Qxd6 10. Ne5 0-0 11. Bd3 Nbd7 12. f4 b5 13. 0-0 Nb6 14. a3 Rac8 15. f5 Nc4 16. Bxc4 dxc4 17. Qe2 exf5 18. Rxf5 Ne4 19. Nxe4 Bxe4 20. Rf4 Bb7 21. Qh5 Qd5 22. Qh3 c3 23. bxc3 Rxc3 24. Rf3 f6 25. Nd7 Re8 26. Qg4 Qg5 27. Qxg5 fxg5 28. Rg3 Rexe3 29. Rxg5 h6 30. Rg6 Rxa3 31. Rf1 Ra2 32. Nc5 Be4 33. Rg4 Bd3 34. Rd1 Bc4 35. d5 Bxd5 36. h4 Bf7 37. Rd8+ Re8 38. Rxe8+ Bxe8 39. Ne6 g6 40. h5 g5 41. Rd4 Bxh5 0-1

[Event "Ostrava Konik op-A"]
[Site "Ostrava"]
[Date "2023.05.14"]
[Round "9"]
[White "Jedlicka, Ales"]
[Black "Bujnoch, Radek"]
[Result "1/2-1/2"]
[WhiteElo "2212"]
[BlackElo "2261"]
[PlyCount "25"]
[EventDate "2023.05.06"]
[EventType "swiss"]
[EventRounds "9"]
[EventCountry "CZE"]
[SourceTitle "CBM 214 Extra"]
[Source "ChessBase"]
[SourceDate "2023.07.31"]
[SourceVersion "1"]
[SourceVersionDate "2023.07.31"]
[SourceQuality "1"]

1. d4 d5 2. c4 c6 3. Nc3 Nf6 4. cxd5 cxd5 5. Bf4 Nc6 6. e3 a6 7. Bd3 Bg4 8. f3 Bh5 9. Qb3 Na5 10. Qa4+ Nc6 11. Qb3 Na5 12. Qa4+ Nc6 13. Qb3 1/2-1/2

[Event "CZE-chT1W 2223"]
[Site "Czech Republic"]
[Date "2023.02.26"]
[Round "9.5"]
[White "Slampa, Jan"]
[Black "Jedlicka, Ales"]
[Result "1/2-1/2"]
[WhiteElo "2243"]
[BlackElo "2178"]
[PlyCount "34"]
[EventDate "2022.10.09"]
[EventType "team-tourn"]
[EventRounds "11"]
[EventCountry "CZE"]
[SourceTitle "CBM 213 Extra"]
[Source "ChessBase"]
[SourceDate "2023.05.31"]
[SourceVersion "1"]
[SourceVersionDate "2023.05.31"]
[SourceQuality "1"]
[WhiteTeam "Unichess Sousek"]
[BlackTeam "Polabiny II"]
[WhiteTeamCountry "CZE"]
[BlackTeamCountry "CZE"]

1. d4 Nf6 2. c4 e6 3. Nc3 Bb4 4. Qc2 d5 5. a3 Bxc3+ 6. Qxc3 dxc4 7. Qxc4 0-0 8. Nf3 b6 9. Bg5 Ba6 10. Qc2 Nbd7 11. 0-0-0 Qc8 12. e4 Bxf1 13. Rhxf1 c5 14. d5 exd5 15. exd5 Qb7 16. d6 Rfe8 17. Rd3 Re6 1/2-1/2

[Event "CZE-chT1W 2223"]
[Site "Czech Republic"]
[Date "2022.12.11"]
[Round "5.4"]
[White "Bretsnajdr, Vladimir"]
[Black "Jedlicka, Ales"]
[Result "1/2-1/2"]
[WhiteElo "2212"]
[BlackElo "2178"]
[PlyCount "21"]
[EventDate "2022.10.09"]
[EventType "team-tourn"]
[EventRounds "11"]
[EventCountry "CZE"]
[SourceTitle "CBM 213 Extra"]
[Source "ChessBase"]
[SourceDate "2023.05.31"]
[SourceVersion "1"]
[SourceVersionDate "2023.05.31"]
[SourceQuality "1"]
[WhiteTeam "Litomerice Slavoj"]
[BlackTeam "Polabiny II"]
[WhiteTeamCountry "CZE"]
[BlackTeamCountry "CZE"]

1. d4 Nf6 2. c4 e6 3. g3 d5 4. Bg2 dxc4 5. Nf3 a6 6. 0-0 Nc6 7. Na3 Bxa3 8. bxa3 0-0 9. Bb2 Rb8 10. Qc2 b5 11. e4 1/2-1/2

[Event "CZE-chT1W 2223"]
[Site "Czech Republic"]
[Date "2022.10.09"]
[Round "1.2"]
[White "Jedlicka, Ales"]
[Black "Neckar, Lubomir"]
[Result "1/2-1/2"]
[WhiteElo "2178"]
[BlackElo "2241"]
[PlyCount "62"]
[EventDate "2022.10.09"]
[EventType "team-tourn"]
[EventRounds "11"]
[EventCountry "CZE"]
[SourceTitle "CBM 210 Extra"]
[Source "ChessBase"]
[SourceDate "2022.11.30"]
[SourceVersion "1"]
[SourceVersionDate "2022.11.30"]
[SourceQuality "1"]
[WhiteTeam "Polabiny II"]
[BlackTeam "Lysa nad Labem II"]
[WhiteTeamCountry "CZE"]
[BlackTeamCountry "CZE"]

1. d4 Nf6 2. c4 e6 3. g3 d5 4. Bg2 Be7 5. Nf3 0-0 6. 0-0 b6 7. Nc3 Bb7 8. Ne5 Na6 9. cxd5 exd5 10. Bf4 c5 11. Rc1 Ne4 12. dxc5 Nxc3 13. bxc3 Nxc5 14. c4 f6 15. Nd3 Ne4 16. cxd5 Qxd5 17. Rc7 Rfe8 18. Qc2 Rac8 19. Rd1 Rxc7 20. Qxc7 g5 21. Nb2 Qc6 22. Rc1 Bc5 23. Qxc6 Bxc6 24. Be3 Bxe3 25. fxe3 Bd5 26. Rc7 Bxa2 27. Rxa7 Bf7 28. Rb7 Nc5 29. Rxb6 Rxe3 30. Rxf6 Rxe2 31. Rf5 Ne6 1/2-1/2

[Event "Prague Menchik Memorial Rapid"]
[Site "Prague"]
[Date "2022.06.05"]
[Round "3"]
[White "Jedlicka, Ales"]
[Black "Kulovana, Eva"]
[Result "0-1"]
[WhiteElo "2207"]
[BlackElo "2173"]
[PlyCount "128"]
[EventDate "2022.06.05"]
[EventType "swiss (rapid)"]
[EventRounds "7"]
[EventCountry "CZE"]
[SourceTitle "CBM 208 Extra"]
[Source "ChessBase"]
[SourceDate "2022.07.31"]
[SourceVersion "1"]
[SourceVersionDate "2022.07.31"]
[SourceQuality "1"]

1. d4 Nf6 2. c4 e6 3. Nf3 d5 4. g3 Be7 5. Bg2 0-0 6. 0-0 dxc4 7. Qc2 b5 8. a4 b4 9. Nfd2 Nd5 10. Nxc4 c5 11. dxc5 Ba6 12. Nbd2 Bxc5 13. b3 Nd7 14. Bb2 Rc8 15. Rac1 N7b6 16. Qe4 Qe7 17. e3 Rfd8 18. Rfd1 Nc3 19. Bxc3 bxc3 20. Rxc3 Bxc4 21. bxc4 Nxa4 22. Rc2 Bb4 23. c5 a5 24. Qf3 Qd7 25. c6 Qd3 26. Qe4 Qxe4 27. Bxe4 Nc5 28. Bf3 Kf8 29. Nc4 Rxd1+ 30. Bxd1 Rxc6 31. Ne5 Rd6 32. Be2 Rd2 33. Rxd2 Bxd2 34. Nc4 Bb4 35. Ne5 a4 36. Nd3 Nxd3 37. Bxd3 a3 38. Bc4 Ke7 39. Kf1 f6 40. Ke2 Kd6 41. Kd3 e5 42. Ba2 Kc5 43. f3 Kb5 44. g4 Bc5 45. e4 Bb4 46. h4 h5 47. gxh5 Be1 48. Ke2 Bxh4 49. Kd3 Bg5 50. Bf7 Kc5 51. Ba2 Kd6 52. Kc4 Ke7 53. Kb3 Bc1 54. Kc2 Be3 55. Kd3 Bc5 56. Kc4 Bd6 57. Kd5 Bb8 58. Kc6 Ba7 59. Kb7 Be3 60. Kc6 f5 61. Kd5 Kf6 62. Kd6 f4 63. Kd5 Bd4 64. Kc4 Kg5 0-1

[Event "CZE-ch Amateur"]
[Site "Luhacovice"]
[Date "2022.03.17"]
[Round "7"]
[White "Horvath, Tomas"]
[Black "Jedlicka, Ales"]
[Result "1-0"]
[WhiteElo "2079"]
[BlackElo "2223"]
[PlyCount "113"]
[EventDate "2022.03.12"]
[EventType "swiss"]
[EventRounds "9"]
[EventCountry "CZE"]
[SourceTitle "EXT 2023"]
[Source "ChessBase"]
[SourceDate "2022.10.05"]
[SourceVersion "1"]
[SourceVersionDate "2022.10.05"]
[SourceQuality "1"]

1. e4 c5 2. d4 cxd4 3. c3 Nf6 4. e5 Nd5 5. Nf3 e6 6. Qxd4 Nc6 7. Qe4 d6 8. exd6 Bxd6 9. Bd3 Nf6 10. Qh4 Be7 11. Bc2 Qc7 12. 0-0 Nd5 13. Qg4 g6 14. Bg5 e5 15. Qh4 Be6 16. Bxe7 Qxe7 17. Qa4 0-0 18. Re1 f6 19. Nbd2 Rfd8 20. Rad1 Rac8 21. Qh4 g5 22. Qh6 Qg7 23. Qxg7+ Kxg7 24. Ne4 b6 25. Ng3 Nde7 26. a3 Na5 27. Nd2 Rc7 28. Nde4 Rxd1 29. Rxd1 Bf7 30. Nd6 Bg6 31. Bxg6 Kxg6 32. Kf1 a6 33. Ke2 b5 34. Nge4 Rc6 35. Ne8 f5 36. Rd6+ Kf7 37. Rxc6 Nexc6 38. N4d6+ Ke6 39. b4 Nc4 40. Nxc4 bxc4 41. Nc7+ Kd6 42. Nxa6 e4 43. a4 f4 44. Nc5 Kd5 45. Nd7 g4 46. Nb6+ Ke6 47. Nxc4 Ne7 48. a5 Kd5 49. a6 Nc8 50. Na5 h5 51. c4+ Kd4 52. c5 f3+ 53. gxf3 exf3+ 54. Ke1 Na7 55. Nb7 Kc4 56. c6 Kxb4 57. c7 1-0

[Event "CZE-ch Amateur"]
[Site "Luhacovice"]
[Date "2022.03.13"]
[Round "2"]
[White "Jedlicka, Ales"]
[Black "Lukastik, David"]
[Result "1-0"]
[WhiteElo "2223"]
[BlackElo "1854"]
[PlyCount "63"]
[EventDate "2022.03.12"]
[EventType "swiss"]
[EventRounds "9"]
[EventCountry "CZE"]
[SourceTitle "EXT 2023"]
[Source "ChessBase"]
[SourceDate "2022.10.05"]
[SourceVersion "1"]
[SourceVersionDate "2022.10.05"]
[SourceQuality "1"]

1. d4 c6 2. c4 d5 3. Nf3 Nf6 4. Nc3 dxc4 5. e4 e6 6. Bxc4 Bb4 7. Qe2 0-0 8. 0-0 Nbd7 9. Bg5 h6 10. Bh4 Be7 11. Rfd1 Re8 12. e5 Nd5 13. Bxe7 Qxe7 14. Ne4 N7b6 15. Bb3 Nf4 16. Qd2 Nbd5 17. g3 Ng6 18. Rac1 f5 19. exf6 Nxf6 20. Re1 Kh8 21. Bc2 Bd7 22. Nc5 Nf8 23. Ne5 Kg8 24. Bb3 Bc8 25. f4 Nd5 26. f5 Qg5 27. Qxg5 hxg5 28. fxe6 Nxe6 29. Nf3 g4 30. Ng5 Nec7 31. Bxd5+ cxd5 32. Nd3 1-0

[Event "CZE-chT1W 2122"]
[Site "Czech Republic"]
[Date "2022.01.23"]
[Round "7.3"]
[White "Kulhanek, Tomas"]
[Black "Jedlicka, Ales"]
[Result "1-0"]
[WhiteElo "2316"]
[BlackElo "2219"]
[PlyCount "71"]
[EventDate "2021.10.10"]
[EventType "team-tourn"]
[EventRounds "11"]
[EventCountry "CZE"]
[SourceTitle "EXT 2023"]
[Source "ChessBase"]
[SourceDate "2022.10.05"]
[SourceVersion "1"]
[SourceVersionDate "2022.10.05"]
[SourceQuality "1"]
[WhiteTeam "Praha DP EA Hotels"]
[BlackTeam "Polabiny II"]
[WhiteTeamCountry "CZE"]
[BlackTeamCountry "CZE"]

1. e4 c5 2. Nc3 Nc6 3. Bb5 g6 4. Bxc6 dxc6 5. d3 Bg7 6. f4 c4 7. Nf3 cxd3 8. cxd3 Nf6 9. h3 0-0 10. Be3 b6 11. 0-0 c5 12. Qe2 Ba6 13. Rad1 e6 14. Qf2 Qc7 15. Rd2 Rad8 16. Rfd1 Qb7 17. Qh4 c4 18. Bd4 Rxd4 19. Nxd4 cxd3 20. Re1 Nh5 21. e5 Bh6 22. Rf2 Qd7 23. Nb3 Qd8 24. Qg4 Qc7 25. Ne4 Qc4 26. Qh4 Qb4 27. Nbd2 Bb7 28. g4 f5 29. exf6 Bxf4 30. gxh5 Bxd2 31. hxg6 hxg6 32. f7+ Kg7 33. Qf6+ Kh6 34. Nxd2 Qc5 35. Rxe6 Qc1+ 36. Nf1 1-0

[Event "CZE-chT1W 2122"]
[Site "Czech Republic"]
[Date "2021.11.28"]
[Round "4.3"]
[White "Jedlicka, Ales"]
[Black "Dolezal, Radoslav"]
[Result "1/2-1/2"]
[WhiteElo "2219"]
[BlackElo "2377"]
[PlyCount "40"]
[EventDate "2021.10.10"]
[EventType "team-tourn"]
[EventRounds "11"]
[EventCountry "CZE"]
[SourceTitle "EXT 2023"]
[Source "ChessBase"]
[SourceDate "2022.10.05"]
[SourceVersion "1"]
[SourceVersionDate "2022.10.05"]
[SourceQuality "1"]
[WhiteTeam "Polabiny II"]
[BlackTeam "Pankrac"]
[WhiteTeamCountry "CZE"]
[BlackTeamCountry "CZE"]

1. d4 Nf6 2. c4 e6 3. Nf3 b6 4. g3 Bb7 5. Bg2 Bb4+ 6. Bd2 Be7 7. 0-0 0-0 8. Nc3 Ne4 9. Rc1 d6 10. d5 Nxd2 11. Qxd2 e5 12. e4 a5 13. Rb1 Ba6 14. b3 Nd7 15. Ne1 Re8 16. Nd3 Nc5 17. Nxc5 dxc5 18. a4 Bc8 19. Nb5 Bd7 20. Qe2 Bxb5 1/2-1/2

[Event "Prague Menchik Memorial Rapid"]
[Site "Prague"]
[Date "2021.09.28"]
[Round "6"]
[White "Zima, Jan"]
[Black "Jedlicka, Ales"]
[Result "1/2-1/2"]
[WhiteElo "2094"]
[BlackElo "2219"]
[PlyCount "99"]
[EventDate "2021.09.28"]
[EventType "swiss (rapid)"]
[EventRounds "9"]
[EventCountry "CZE"]
[SourceTitle "CBM 204 Extra"]
[Source "ChessBase"]
[SourceDate "2021.11.30"]
[SourceVersion "1"]
[SourceVersionDate "2021.11.30"]
[SourceQuality "1"]

1. e4 c5 2. Nc3 Nc6 3. Bb5 g6 4. Bxc6 dxc6 5. d3 Bg7 6. f4 c4 7. Nf3 cxd3 8. cxd3 Nf6 9. 0-0 0-0 10. d4 Bg4 11. Be3 Qa5 12. h3 Bxf3 13. Qxf3 Rad8 14. Rfd1 Ne8 15. Rd2 Nd6 16. Qe2 Qb4 17. a3 Qb3 18. e5 Nc4 19. Rdd1 Nxb2 20. Rab1 Qxc3 21. Rxb2 Rd7 22. Rd3 Qa5 23. Rdb3 b5 24. Rc2 Rc7 25. Qf3 Rfc8 26. Rbc3 b4 27. axb4 Qxb4 28. Kh2 Qb5 29. Rc5 Qb3 30. R2c3 Qa4 31. d5 Bf8 32. Rxc6 Rxc6 33. Rxc6 Rd8 34. e6 f5 35. Rc7 Qb3 36. Rd7 Rc8 37. Bxa7 Rc3 38. Qf2 Rd3 39. Bd4 Qc4 40. Be5 Rxd5 41. Rxd5 Qxd5 42. Qb6 g5 43. g3 h5 44. Kg1 Qd1+ 45. Kg2 Qd2+ 46. Qf2 Qd5+ 47. Qf3 Qa2+ 48. Kg1 g4 49. hxg4 hxg4 50. Qc6 1/2-1/2

[Event "Prague Summer op-A 8th"]
[Site "Prague"]
[Date "2021.08.11"]
[Round "7"]
[White "Neuman, Petr"]
[Black "Jedlicka, Ales"]
[Result "1/2-1/2"]
[WhiteElo "2402"]
[BlackElo "2209"]
[PlyCount "61"]
[EventDate "2021.08.06"]
[EventType "swiss"]
[EventRounds "9"]
[EventCountry "CZE"]
[SourceTitle "CBM 203 Extra"]
[Source "ChessBase"]
[SourceDate "2021.09.30"]
[SourceVersion "1"]
[SourceVersionDate "2021.09.30"]
[SourceQuality "1"]

1. e4 c5 2. Nf3 Nc6 3. Nc3 e6 4. d4 cxd4 5. Nxd4 Qc7 6. Be3 a6 7. g4 b5 8. Nxc6 dxc6 9. f4 Bb7 10. Qf3 Nf6 11. g5 Nd7 12. h4 c5 13. Bg2 c4 14. Ne2 Nc5 15. Ng3 0-0-0 16. 0-0 f5 17. Qf2 fxe4 18. b3 Bd5 19. a4 b4 20. bxc4 Bxc4 21. Rfb1 a5 22. Nxe4 Nxe4 23. Bxe4 Bd5 24. Bxd5 Rxd5 25. Rd1 Bc5 26. Rxd5 Bxe3 27. Qxe3 exd5 28. Rd1 Rd8 29. Qe6+ Kb8 30. Rxd5 Rxd5 31. Qxd5 1/2-1/2

[Event "Prague Summer op-A 8th"]
[Site "Prague"]
[Date "2021.08.09"]
[Round "5"]
[White "Jedlicka, Ales"]
[Black "Witte, Ronald"]
[Result "1-0"]
[WhiteElo "2209"]
[BlackElo "2049"]
[PlyCount "95"]
[EventDate "2021.08.06"]
[EventType "swiss"]
[EventRounds "9"]
[EventCountry "CZE"]
[SourceTitle "CBM 203 Extra"]
[Source "ChessBase"]
[SourceDate "2021.09.30"]
[SourceVersion "1"]
[SourceVersionDate "2021.09.30"]
[SourceQuality "1"]

1. d4 Nf6 2. c4 e6 3. g3 d5 4. Nf3 Be7 5. Bg2 0-0 6. 0-0 dxc4 7. Qc2 a6 8. Qxc4 b5 9. Qc2 Bb7 10. Bf4 Bd6 11. Nbd2 Bxf4 12. gxf4 Qd6 13. e3 Nbd7 14. Rac1 Rac8 15. Nb3 Be4 16. Qe2 c5 17. dxc5 Nxc5 18. Rfd1 Qb6 19. Nxc5 Rxc5 20. Ne5 Bxg2 21. Kxg2 Rfc8 22. Rxc5 Qxc5 23. Qf3 Qc7 24. Rd3 Kf8 25. Rc3 Qb8 26. Rc6 Qb7 27. Rd6 Qa7 28. Qd1 Qb7+ 29. Qf3 Qa7 30. b3 a5 31. Rc6 Qb7 32. Rxc8+ Qxc8 33. a4 bxa4 34. bxa4 Nd5 35. Qe4 Qb7 36. Kg3 g6 37. Qd4 Qb1 38. Qc5+ Kg7 39. Qd4 Qg1+ 40. Kf3 Nf6 41. Qa7 Qd1+ 42. Kg2 Qd5+ 43. Kh3 Ng8 44. Qxf7+ Kh8 45. Qf8 h5 46. Nxg6+ Kh7 47. Qf7+ Kh6 48. Ne5 1-0

[Event "Prague Summer op-A 8th"]
[Site "Prague"]
[Date "2021.08.08"]
[Round "3"]
[White "Jedlicka, Ales"]
[Black "Petr, Martin"]
[Result "1/2-1/2"]
[WhiteElo "2209"]
[BlackElo "2503"]
[PlyCount "63"]
[EventDate "2021.08.06"]
[EventType "swiss"]
[EventRounds "9"]
[EventCountry "CZE"]
[SourceTitle "CBM 203 Extra"]
[Source "ChessBase"]
[SourceDate "2021.09.30"]
[SourceVersion "1"]
[SourceVersionDate "2021.09.30"]
[SourceQuality "1"]

1. d4 d5 2. c4 e6 3. Nf3 c6 4. g3 dxc4 5. Bg2 b5 6. 0-0 Nd7 7. a4 Bb7 8. e4 Ngf6 9. e5 Nd5 10. Nc3 Be7 11. Nxd5 cxd5 12. axb5 Qb6 13. Bg5 Bxg5 14. Nxg5 h6 15. Nh3 Qxb5 16. Qg4 0-0 17. Nf4 Kh7 18. Nh5 g6 19. Nf6+ Nxf6 20. exf6 Bc8 21. Qf4 Qb8 22. Qe3 Qxb2 23. h4 Rg8 24. Rfb1 Qc2 25. g4 a5 26. Qe5 a4 27. Qc7 Rf8 28. Qd6 Kg8 29. Qf4 Kh7 30. Qd6 Kg8 31. Qf4 Kh7 32. Qd6 1/2-1/2

[Event "Prague Summer op-A 8th"]
[Site "Prague"]
[Date "2021.08.07"]
[Round "2"]
[White "Jedlicka, Ales"]
[Black "Gorny, Michael"]
[Result "1-0"]
[WhiteElo "2209"]
[BlackElo "2008"]
[PlyCount "73"]
[EventDate "2021.08.06"]
[EventType "swiss"]
[EventRounds "9"]
[EventCountry "CZE"]
[SourceTitle "CBM 203 Extra"]
[Source "ChessBase"]
[SourceDate "2021.09.30"]
[SourceVersion "1"]
[SourceVersionDate "2021.09.30"]
[SourceQuality "1"]

1. d4 d5 2. c4 e6 3. Nf3 Nf6 4. g3 Be7 5. Bg2 0-0 6. 0-0 c6 7. Qc2 b6 8. Nbd2 Bb7 9. e4 Na6 10. a3 c5 11. exd5 exd5 12. dxc5 Nxc5 13. b4 Ne6 14. Bb2 dxc4 15. Nxc4 Be4 16. Qb3 Bd5 17. Nfe5 b5 18. Bxd5 Qxd5 19. Na5 Qxb3 20. Nxb3 Rfc8 21. Rac1 Nd5 22. Nc6 Bf8 23. Nbd4 Ndc7 24. Nf5 Re8 25. Rfd1 f6 26. Rd7 g6 27. Nfe7+ Bxe7 28. Nxe7+ Kf8 29. Bxf6 a5 30. bxa5 Na6 31. Nd5 Nac5 32. Be7+ Rxe7 33. Rxe7 Rxa5 34. Rxh7 Rxa3 35. Nc7 Kg8 36. Nxe6 Nxe6 37. Re7 1-0

[Event "Pardubice Czech op-A 32nd"]
[Site "Pardubice"]
[Date "2021.07.29"]
[Round "7"]
[White "Hladky, Tadeas"]
[Black "Jedlicka, Ales"]
[Result "1/2-1/2"]
[WhiteElo "1968"]
[BlackElo "2212"]
[PlyCount "94"]
[EventDate "2021.07.23"]
[EventType "swiss"]
[EventRounds "9"]
[EventCountry "CZE"]
[SourceTitle "EXT 2022"]
[Source "ChessBase"]
[SourceDate "2021.10.06"]
[SourceVersion "1"]
[SourceVersionDate "2021.10.06"]
[SourceQuality "1"]

1. e4 c5 2. Nf3 d6 3. Bb5+ Nd7 4. d4 cxd4 5. Qxd4 a6 6. Bxd7+ Bxd7 7. 0-0 e5 8. Qd3 h6 9. c4 Nf6 10. Nc3 Be7 11. b3 Qc7 12. Rd1 Be6 13. a4 0-0 14. Ba3 Rfd8 15. Rac1 Rac8 16. Nd5 Bxd5 17. cxd5 Qd7 18. Nd2 Nh5 19. Qf3 Rxc1 20. Rxc1 Nf4 21. Nc4 Rc8 22. Nb6 Rxc1+ 23. Bxc1 Qc7 24. Bxf4 Qxb6 25. Bd2 Qd4 26. Bc3 Qb6 27. Bd2 Bd8 28. Qc3 Kh7 29. Be3 Qc7 30. Qxc7 Bxc7 31. b4 b5 32. axb5 axb5 33. g3 h5 34. h3 Kg6 35. f3 Bd8 36. Kg2 f5 37. h4 Bc7 38. Kh3 Kf6 39. Bg5+ Kg6 40. Be3 Bd8 41. Kg2 fxe4 42. fxe4 Kf7 43. Kh3 Be7 44. Bd2 Bf6 45. Bg5 g6 46. Bxf6 Kxf6 47. g4 Kf7 1/2-1/2